<?xml version="1.0" encoding="UTF-8"?>
<collection xmlns="http://www.loc.gov/MARC21/slim">
 <record>
  <leader>01153nam a2200385   4500</leader>
  <controlfield tag="001">DLU060055748</controlfield>
  <controlfield tag="005">##20061019</controlfield>
  <controlfield tag="008">##960819s1997    dcua     b    001 0 eng  </controlfield>
  <datafield tag="010" ind1="#" ind2="#">
   <subfield code="a">   96041540 </subfield>
  </datafield>
  <datafield tag="020" ind1="#" ind2="#">
   <subfield code="a">082133803X (pbk.)</subfield>
  </datafield>
  <datafield tag="035" ind1="#" ind2="#">
   <subfield code="a">(DLC)   96041540</subfield>
  </datafield>
  <datafield tag="040" ind1="#" ind2="#">
   <subfield code="a">DLC</subfield>
   <subfield code="c">DLC</subfield>
   <subfield code="d">DLC</subfield>
  </datafield>
  <datafield tag="043" ind1="#" ind2="#">
   <subfield code="a">e-ur-ru</subfield>
  </datafield>
  <datafield tag="050" ind1="#" ind2="#">
   <subfield code="a">HC340.12.Z9</subfield>
   <subfield code="b">P66 1997</subfield>
  </datafield>
  <datafield tag="082" ind1="#" ind2="#">
   <subfield code="a">362.5</subfield>
   <subfield code="b">Pov</subfield>
  </datafield>
  <datafield tag="245" ind1="#" ind2="#">
   <subfield code="a">Poverty in Russia :</subfield>
   <subfield code="b">public policy and private responses /</subfield>
   <subfield code="c">edited by Jeni Klugman</subfield>
  </datafield>
  <datafield tag="260" ind1="#" ind2="#">
   <subfield code="a">Washington, D.C. :</subfield>
   <subfield code="b">World Bank,</subfield>
   <subfield code="c">1997</subfield>
  </datafield>
  <datafield tag="300" ind1="#" ind2="#">
   <subfield code="a">xiv, 281 p. :</subfield>
   <subfield code="b">ill. ;</subfield>
   <subfield code="c">24 cm</subfield>
  </datafield>
  <datafield tag="440" ind1="#" ind2="#">
   <subfield code="a">EDI development studies,</subfield>
   <subfield code="x">1020-105X</subfield>
  </datafield>
  <datafield tag="504" ind1="#" ind2="#">
   <subfield code="a">Includes bibliographical references (p. 263-274) and index</subfield>
  </datafield>
  <datafield tag="650" ind1="#" ind2="#">
   <subfield code="a">Poverty</subfield>
   <subfield code="z">Russia (Federation)</subfield>
  </datafield>
  <datafield tag="650" ind1="#" ind2="#">
   <subfield code="a">Unemployment</subfield>
   <subfield code="z">Russia (Federation)</subfield>
  </datafield>
  <datafield tag="651" ind1="#" ind2="#">
   <subfield code="a">Russia (Federation)</subfield>
   <subfield code="x">Economic conditions</subfield>
   <subfield code="y">1991-</subfield>
  </datafield>
  <datafield tag="700" ind1="#" ind2="#">
   <subfield code="a">Klugman, Jeni,</subfield>
   <subfield code="d">1964-</subfield>
  </datafield>
  <datafield tag="710" ind1="#" ind2="#">
   <subfield code="a">World Bank</subfield>
  </datafield>
  <datafield tag="923" ind1="#" ind2="#">
   <subfield code="a">25/2006</subfield>
  </datafield>
  <datafield tag="992" ind1="#" ind2="#">
   <subfield code="a">12.000</subfield>
  </datafield>
  <datafield tag="994" ind1="#" ind2="#">
   <subfield code="a">DLU</subfield>
  </datafield>
  <datafield tag="900" ind1="#" ind2="#">
   <subfield code="a">True</subfield>
  </datafield>
  <datafield tag="911" ind1="#" ind2="#">
   <subfield code="a">Đào Thị Thu Huyền</subfield>
  </datafield>
  <datafield tag="925" ind1="#" ind2="#">
   <subfield code="a">G</subfield>
  </datafield>
  <datafield tag="926" ind1="#" ind2="#">
   <subfield code="a">A</subfield>
  </datafield>
  <datafield tag="927" ind1="#" ind2="#">
   <subfield code="a">SH</subfield>
  </datafield>
  <datafield tag="980" ind1="#" ind2="#">
   <subfield code="a">Thư viện Trường Đại học Đà Lạt</subfield>
  </datafield>
 </record>
</collection>
